000 01180nam a2200253Ia 4500
001 19485
003 GE_BSU
008 181216s||||||||xx |||||||||||||| ||und||
040 _cGE_BSU
080 _a81'1(075.8)
100 _aბულახოვსკი, ლ.ა.
245 _aენათმეცნიერების შესავალი: ნაწ. 2
245 _bსახელმძღვ. სახელმწ. უნ-ტებისა და პედ. ინ-ტებისათვი
245 _cრედ.: გ. ახვლედიანი
260 _aთბილისი
260 _bსტალინის სახელობის თბილ.სახელმწ.უნ-ტი
260 _c1955
300 _a207გვ;21სმ.
300 _bბიბლიოგრ. შენიშვნებში
541 _h70თ.
653 _aენათმეცნიერება
653 _aენათმეცნიერების შესავალი - სახელმძღვანელოები უმაღლესი სასწავლებლებისათვის;
942 _cBK
999 _c52462
_d52462